=LDR 00000nam 2200000 4500 =001 INLIS000000000027552 =005 20130612125922 =008 ***********************************Ind** =035 ##$$0010-061300000027552 =041 ##$$a Ind =082 ##$$a 372.5 =090 ##$$a 372.5, Ker k =245 ##$$a Kerajinan tangan dan kesenian untuk SD/MI, Penyusun,Tilginin Harjo[et.al];Editor,Tri Muryani =260 ##$$a 2006 $b Semarang =300 ##$$a Jil, ilus, 23 cm =650 ##$$a Pendidikan Dasar-Kerajinan tangan =700 ##$$a Harjo,Tilginin 2.Wahyono,Sapto 3.Muryani,Tri =850 ##$$a NBPNMAT